Responses for show #6219 - Thursday, October 6, 2011

Joon Pahk game 4.

Contestants

Franny Howes, a graduate student in rhetoric and writing from Blacksburg, Virginia

Ted Simmons, an executive compensation consultant from Chicago, Illinois

Joon Pahk, a college physics teacher from Somerville, Massachusetts (whose 3-day cash winnings total $112,700)

Jeopardy! Round responses

OCTOBERFEST
SCIENCE FICTION
RIGHT "E"
TIDY
LEFTY
LUCY
    $200 1
the metric system

Joon
    $200 11
Fahrenheit 451

Franny
    $200 30
their elbow

Joon
    $200 22
Cheer

Joon
    $200 17
Mao

Ted
    $200 12
Xena

Joon
    $400 2
(Alex: Yes, we'll accept that.)

a nuclear bomb

Franny
    $400 6
Dune

Joon
    $400 29
an easel

Joon
    $400 10
Bon Ami

Joon
    $400 18
Che Guevara

Franny
    $400 13
50 First Dates

Ted
    $600 4
robo-signers

Ted
    $600 7
Collide

Joon
    $600 28
Ecclesiastes

Franny
    $600 23
Cascade

Franny
    $600 19
(Leon) Trotsky

Joon
    $600 14
Lucy Liu

Joon
    $800 5
(Joon: What is the American Literary Association?)

the American Library Association

JoonFranny
    $800 3
(Ted: What is The Time Machine?)

The Island of Dr. Moreau

JoonTed
    $800 27
eject

Ted
    $800 24
Mr. Clean

Franny
    $2,400 20
(Alex: [*], in honor of Hugo Chavez.)

Venezuela

Joon
    $800 15
Schroeder

Franny
    $1000 9
(Ted: Who is Suleiman?)

Saladin (or Ṣalāḥ ad-Dīn)

TedFranny
    $1000 8
Zombies

Joon
    $1000 26
an echo chamber

Franny
    $1000 25
(Alex: Yes, with less than a minute to go.)

Purell

Joon
    $1000 21
Kim Jong-il

Ted
    $1000 16
Narnia

Ted

Scores at the first commercial break (after clue 15):

Joon Ted Franny
$3,400 -$800 $3,200

Scores at the end of the Jeopardy! Round:

Joon Ted Franny
$8,200 $2,200 $6,600

Double Jeopardy! Round responses

THE MOTION OF THE OCEAN
BROADWAY MUSICALS BY CHARACTERS
AWARDS & HONORS
WHAT'S THE BIG IDEA?
ANGRY WORDS
THIS "LAND" IS YOUR LAND
    $400 9
the monsoon season

Ted
    $400 7
Grease

Franny
    $400 6
the Congressional Medal of Honor

Franny
    $400 1
returns

Joon
    $400 23
rage

Franny
    $400 18
Iceland

Ted
    $800 10
the Japan current (Japanese current accepted)

Franny
    $800 8
Fiddler on the Roof

Joon
    $800 17
the Hasty Pudding

Joon
    $800 2
George W. Bush

Ted
    $800 24
mad

Joon
    $800 19
Switzerland

Joon
    $1200 30
a conveyor belt

Ted
    $1200 13
Saturday Night Fever

Triple Stumper
    $1200 16
(Joon: What is the Newbery?)

the Caldecott

JoonTed
    $2,000 3
libertarian

Ted
    $1200 25
(Alex: Yes, with a minute to go.)

wrath

Joon
    $1200 20
Poland

Franny
    $1600 29
tides

Joon
    $1600 12
Dreamgirls

Franny
    $2,200 14
the Pulitzers

Franny
    $1600 4
(Joon: Who is Socrates?)

Epicurus

Joon
Triple Stumper
    $1600 27
rankle

Triple Stumper
    $1600 21
(Joon: What is Finland?)

Ireland

Joon
Triple Stumper
    $2000 28
longshore currents

Triple Stumper
    $2000 11
Footloose

Franny
    $2000 15
the Spingarn Medal

Triple Stumper
    $2000 5
the imperative

Joon
    $2000 26
the furies

Joon
    $2000 22
Thailand

Franny

Scores at the end of the Double Jeopardy! Round:

Joon Ted Franny
$14,200 $8,200 $17,600

[wagering suggestions for these scores]

Final Jeopardy! Round responses

OSCAR NOMINATIONS
(Alex: [*], the one in 1935, with Charles Laughton and Clark Gable and Franchot Tone.)
TedWhat is The Perfect Storm
$8,200
JoonWhat is Mutiny on the Bounty?
$2,500
FrannyWhat is Down Periscope?
$12,400
Mutiny on the Bounty

Final scores:

Joon Ted Franny
$16,700 $0 $5,200
4-day champion: $129,400 3rd place: $1,000 2nd place: $2,000

Game dynamics:

Coryat scores:

Joon Ted Franny
$12,600 $7,400 $17,000
23 R
(including 1 DD),
4 W
12 R
(including 1 DD),
2 W
19 R
(including 1 DD),
0 W

Combined Coryat: $37,000

The J! Archive is created by fans, for fans. The Jeopardy! game show and all elements thereof, including but not limited to copyright and trademark thereto, are the property of Jeopardy Productions, Inc. and are protected under law. This website is not affiliated with, sponsored by, or operated by Jeopardy Productions, Inc. Join the discussion at JBoard.tv.